Catalog

Record Details

Catalog Search



Reunion [Large Print]/ by Karen Kingsbury with ... Read More

Smalley, Gary.(Added Author).

Available copies

  • 1 of 1 copy available at LARL/NWRL Consortium.

Current holds

0 current holds with 1 total copy.

Show Only Available Copies
Location Call Number / Copy Notes Barcode Shelving Location Status Due Date
Thief River Falls Public Library lp KIN (Text) 35500003957519 Main Available -

Record details

  • ISBN: 1594151202 (pbk.)
  • ISBN: 9781594151200 (pbk.)
  • Physical Description: 592 p. (large print) ; 23 cm.
  • Publisher: Waterville, ME : Walker, 2006.
Subject: Adoption > Fiction.
Genre: Large type books.
Christian fiction.
Domestic fiction.
LDR 00910nam a2200277Ia 4500
00175778
003LARL_NWRL_CONSORTIUM
00520070110104406.0
008061031s2006 meu d 000 1 eng
020 . ‡a1594151202 (pbk.)
020 . ‡a9781594151200 (pbk.)
035 . ‡a(OCoLC)74749161
040 . ‡aYEP ‡cYEP ‡dNRG
08204. ‡a813.54 ‡222
1001 . ‡aKingsbury, Karen. ‡0(LARL_NWRL_CONSORTIUM)140265
24510. ‡aReunion ‡h[Large Print]/ ‡cby Karen Kingsbury with Gary Smalley.
260 . ‡aWaterville, ME : ‡bWalker, ‡c2006.
300 . ‡a592 p. (large print) ; ‡c23 cm.
655 0. ‡aLarge type books.
650 0. ‡aAdoption ‡vFiction. ‡0(LARL_NWRL_CONSORTIUM)163280
655 7. ‡aChristian fiction. ‡2gsafd
655 0. ‡aDomestic fiction.
7001 . ‡aSmalley, Gary. ‡0(LARL_NWRL_CONSORTIUM)62192
901 . ‡a75778 ‡bOCLC ‡c75778 ‡tbiblio

Additional Resources